Unas monjas rebeldes (Record no. 23908)

MARC details
000 -LEADER
campo de control de longitud fija 00847nam a2200253 i 4500
001 - NÚMERO DE CONTROL
campo de control 23908
003 - IDENTIFICADOR DE NÚMERO DE CONTROL
campo de control ES-MaACL
005 - FECHA Y HORA DE LA ÚLTIMA TRANSACCIÓN
campo de control 20250808012057.0
007 - CAMPO FIJO DE DESCRIPCIÓN FÍSICA--INFORMACIÓN GENERAL
campo de control de longitud fija t|
008 - DATOS DE LONGITUD FIJA--INFORMACIÓN GENERAL
campo de control de longitud fija 021213s1963 sp a ||||1| spa d
080 ## - NÚMERO DE LA CLASIFICACIÓN DECIMAL UNIVERSAL
Número de la Clasificación Decimal Universal 271.73(460.156)
080 ## - NÚMERO DE LA CLASIFICACIÓN DECIMAL UNIVERSAL
Número de la Clasificación Decimal Universal 946.63"15/16"
100 1# - ENTRADA PRINCIPAL--NOMBRE DE PERSONA
Nombre de persona Anorbin, Antón de.
9 (RLIN) 21815
245 15 - MENCIÓN DEL TÍTULO
Título Unas monjas rebeldes
Resto del título : estampas históricas de la vida vitoriana de los siglos XVI y XVII /
Mención de responsabilidad, etc. Antón de Anorbin.
260 ## - PUBLICACIÓN, DISTRIBUCIÓN, ETC.
Lugar de publicación, distribución, etc. Vitoria :
Nombre del editor, distribuidor, etc. El Carmen,
Fecha de publicación, distribución, etc. 1963.
300 ## - DESCRIPCIÓN FÍSICA
Extensión IX, 228 p. :
Otras características físicas il. ;
Dimensiones 19 cm.
500 ## - NOTA GENERAL
Nota general Con la colaboración de la Institución Sancho el Sabio.
500 ## - NOTA GENERAL
Nota general Índice.
650 07 - PUNTO DE ACCESO ADICIONAL DE MATERIA--TÉRMINO DE MATERIA
Término de materia o nombre geográfico como elemento de entrada Vida monástica y religiosa femenina
Fuente del encabezamiento o término embne
9 (RLIN) 155560
651 #4 - PUNTO DE ACCESO ADICIONAL DE MATERIA--NOMBRE GEOGRÁFICO
Nombre geográfico Álava-
Subdivisión general Historia.
9 (RLIN) 153513
710 2# - ENTRADA AGREGADA--NOMBRE DE ENTIDAD CORPORATIVA
Nombre de entidad corporativa o nombre de jurisdicción como elemento de entrada Institución "Sancho el Sabio"
9 (RLIN) 4734
852 ## - LOCALIZACIÓN
Ubicación ES-MaACL
Número de control de estantería C-24929
Holdings
Estatus retirado Estado de pérdida Estado de daño No para préstamo Biblioteca de origen Biblioteca actual Ubicación en estantería Fecha de adquisición Fuente de adquisición Total de préstamos Signatura topográfica completa Código de barras Visto por última vez Precio de reemplazo Tipo de ítem Koha
        Biblioteca del Ateneo de Madrid Biblioteca del Ateneo de Madrid Depósito 2 17/01/2008     C-24929 1024641 23/02/2023 23/02/2023 Libro impreso